[Event "Vaujany 2022 Accession"]
[Site "Vaujany"]
[Date "2022.07.19"]
[Round "6.5"]
[White "Pu, Linden"]
[Black "Brion Lacherest, Nathan"]
[Result "1/2-1/2"]
[WhiteElo "1801"]
[BlackElo "1711"]
[Annotator "promoechecs"]
[PlyCount "77"]
[EventDate "2022.07.14"]
[EventType "swiss"]
[EventCountry "FRA"]
[SourceVersionDate "2022.07.17"]

{[%evp 0,10,16,28,26,8,27,10,12,18,10,-16,14]} 1. d4 d5 2. Nf3 Nf6 3. e3 e6 (
3... Bf5) 4. Bd3 c5 {"Quand les blancs ne poussent pas c4, les noirs ont la
partie très facile au début car ...c5 est presque toujours possible et
toujours excellent" (Reuben Fine)} 5. c3 b6 (5... Nc6 {"Dans le système Colle,
l'expérience a montré que Cc6, qui semble plus naturel, est en fait
inférieur" (Fine):} 6. Nbd2 Bd6 7. O-O O-O 8. dxc5 {(indispensable pour
éviter l'isolement du pion d après la poussée e4)} Bxc5 9. e4 Qc7 (9... Bd6)
(9... e5 10. exd5 Qxd5 11. Qe2 Bg4 12. Ne4 {et les blancs sont beaucoup mieux 
(Fine)}) 10. Qe2 Bd6 11. Re1 Ng4 12. h3 Nge5 13. Nxe5 Nxe5 14. exd5 exd5 15.
Nf3 Nxd3 16. Qxd3 Qc4 17. Rd1 Qxd3 18. Rxd3 Rd8 $11) (5... Nbd7 {pour
reprendre du cavalier après la prise dxc5} 6. Nbd2 Bd6 7. O-O O-O 8. Re1 (8.
e4 cxd4 9. cxd4 dxe4 10. Nxe4 Nxe4 11. Bxe4 Qb6 {a pour seul résultat
d'embarasser les blancs d'un pion isolé}) 8... Qc7 (8... e5 9. e4 {serait
favorable aux blancs selon Fine mais la pratique n'est pas s évidente que ça}
) (8... Re8 9. e4 dxe4 10. Nxe4 Nxe4 11. Bxe4 cxd4 $2 12. Bxh7+ Kxh7 13. Ng5+
Kg6 (13... Kg8 14. Qh5 Qf6 $8 15. Qh7+ Kf8 16. Ne4 $11 {[%eval 5,22]} Qe5 17.
cxd4 Qxh2+ 18. Qxh2 Bxh2+ 19. Kxh2 $11) 14. h4 Rh8 15. Rxe6+ fxe6 16. Qd3+ Kf6
17. Qf3+ Ke7 18. Qf7#) 9. e4 cxd4 10. cxd4 dxe4 11. Nxe4 Nxe4 12. Rxe4 Re8 13.
Rh4 {"avec d'excellentes chances d'attaque"}) 6. Nbd2 Bb7 7. Ne5 Nbd7 8. f4 Be7
9. O-O O-O 10. Qf3 Qc7 11. Rf2 Ne8 (11... c4 12. Bc2 b5 13. e4 b4 14. Nxd7 Nxd7
15. e5 bxc3 16. bxc3 g6 $11) 12. Qh3 f5 13. g4 Nd6 14. Ndf3 Nxe5 15. Nxe5 Ne4 (
15... Rae8 16. Rg2 Bf6 17. gxf5 Nxf5 18. Ng4 g6 19. Nxf6+ Rxf6) 16. Rg2 Bd6 17.
Nf3 g6 18. Nh4 Qf7 19. gxf5 exf5 20. Bxe4 dxe4 21. Nxg6 hxg6 22. Qh6 Qh7 23.
Rxg6+ Kh8 24. Rxd6 Qxh6 25. Rxh6+ Kg7 26. Rh5 Kf6 27. Kf2 (27. Bd2 Rg8+ 28. Kf2
cxd4 29. cxd4 Rh8 30. Rxh8 Rxh8 31. Rh1 Bd5 32. a3 Bf7 33. h4) 27... Rh8 28.
Rxh8 Rxh8 29. dxc5 bxc5 30. Kg2 Rg8+ 31. Kh1 Ba6 32. c4 (32. h3 Be2 33. Kh2 Bf3
) 32... Bxc4 33. Bd2 Be2 34. Bc3+ Ke6 35. h4 Rg4 36. Kh2 Rxh4+ 37. Kg3 Rg4+ 38.
Kf2 Bf3 39. Rg1 1/2-1/2

[Event "Vaujany 2022 Accession"]
[Site "Vaujany"]
[Date "2022.07.19"]
[Round "6.7"]
[White "Celik, Ali Alper"]
[Black "Deneyer, Frank"]
[Result "1-0"]
[WhiteElo "1471"]
[BlackElo "1828"]
[Annotator "promoechecs"]
[PlyCount "53"]
[EventDate "2022.07.14"]
[EventType "swiss"]
[EventCountry "FRA"]
[SourceVersionDate "2022.07.17"]

{[%evp 0,43,28,16,100,47,104,66,84,29,14,9,20,17,21,5,1,4,2,-7,1,1,1,-57,-40,
-41,38,3,-14,-3,26,-2,20,-6,0,-62,23,20,33,-12,26,-24,-5,-84,-93,-111]} 1. e4
c5 2. Nc3 g6 3. Nge2 Bg7 4. g3 Nc6 5. Bg2 d6 6. O-O Nf6 7. d3 Bd7 8. h3 O-O 9.
f4 Rb8 10. g4 b5 11. Ng3 b4 12. Nce2 Nd4 13. Be3 Nxe2+ 14. Qxe2 Ne8 15. Rab1
Qa5 16. f5 Nc7 17. g5 Bd4 18. Bxd4 cxd4 19. Qg4 Rb5 20. Qh4 Rc5 21. Qh6 Rxc2
22. Nh5 $1 Ne8 (22... gxh5 {perd immédiatement} 23. g6 fxg6 24. fxg6 Rxg2+ (
24... hxg6 25. Rxf8#) 25. Kxg2 Qg5+ 26. Qxg5) 23. f6 gxh5 $4 (23... e5 24. Ng7
Nc7 25. Nf5 Ne6 26. h4 {était beaucoup plus solide même si les blancs
gardent un petit avantage}) (23... exf6 24. Nxf6+ Nxf6 25. gxf6 Rxg2+ 26. Kxg2
Qg5+ 27. Qxg5 $18) 24. fxe7 Ng7 25. exf8=Q+ Kxf8 26. Qxd6+ Kg8 27. Qxd7 1-0

[Event "Vaujany 2022 Accession"]
[Site "Vaujany"]
[Date "2022.07.19"]
[Round "6.8"]
[White "Pitaval, Lubin"]
[Black "Corfield, Zoe"]
[Result "1-0"]
[WhiteElo "1781"]
[BlackElo "1556"]
[Annotator "promoechecs"]
[PlyCount "75"]
[EventDate "2022.07.14"]
[EventType "swiss"]
[EventCountry "FRA"]
[SourceVersionDate "2022.07.17"]

{[%evp 0,8,5,16,72,91,77,39,45,13,10]} 1. e4 d6 2. Nc3 Nf6 3. Bc4 e5 4. f4 c6
5. a4 d5 6. exd5 Nxd5 7. Qh5 Be6 8. Nxd5 exf4 9. Nc7+ Qxc7 10. Bxe6 Qe7 11.
Qxf7+ Qxf7 12. Bxf7+ Kxf7 13. d4 Bd6 14. Nh3 Re8+ 15. Kf2 Kg8 16. Rf1 Na6 17.
c3 Re4 18. Kg1 Rf8 19. Bd2 Re2 20. Rf2 f3 21. Rxe2 fxe2 22. g3 Rf3 23. Re1 c5
24. Rxe2 cxd4 25. Ng5 d3 26. Nxf3 dxe2 27. b4 Nc7 28. Kf2 Nd5 29. a5 b5 30.
Kxe2 a6 31. Kd3 Nf6 32. Nd4 Ng4 33. Bf4 Be7 34. Nxb5 Bd8 (34... axb5 35. a6)
35. Nc7 Bxc7 36. Bxc7 Nf6 37. b5 Nd5 38. b6 1-0

[Event "Vaujany 2022 Accession"]
[Site "Vaujany"]
[Date "2022.07.19"]
[Round "6.9"]
[White "Lenen, Pierre"]
[Black "Poizat, Gaspard"]
[Result "0-1"]
[WhiteElo "1723"]
[BlackElo "1546"]
[Annotator "promoechecs"]
[PlyCount "75"]
[EventDate "2022.07.14"]
[EventType "swiss"]
[EventCountry "FRA"]
[SourceVersionDate "2022.07.17"]

{[%evp 0,11,22,26,19,-16,-14,0,30,-25,-13,-25,13,2]} 1. d4 Nf6 2. c4 e6 3. Nc3
Bb4 4. Qc2 O-O 5. Nf3 c5 6. e3 (6. dxc5 Na6) 6... cxd4 7. exd4 h6 8. Bd3 d5 9.
O-O dxc4 10. Bxc4 b6 11. Be3 Bxc3 12. bxc3 Ba6 13. Bxa6 Nxa6 14. Qa4 Nb8 15. c4
Qd7 16. Qb3 Nc6 17. Rfd1 Qc7 18. Rac1 Na5 19. Qb5 Ne4 20. c5 Rac8 21. cxb6 Qxb6
22. Qe5 Nc3 23. d5 Nxd1 24. Bxb6 Rxc1 25. Bxa5 Ne3+ 26. Be1 Nxd5 27. Nd4 Rfc8
28. Nxe6 fxe6 29. Qxe6+ Kh8 30. h3 Nf6 31. Kh2 Re8 32. Qf7 Rcxe1 33. Qxa7 R1e2
34. Kg3 Rb2 35. Qa6 Re1 36. a4 Rc1 37. a5 (37. Qa7 Kh7 38. a5 $19 {[%eval -362,
18]}) (37. Qa8+ Kh7 38. a5 $19 {[%eval -355,18]}) (37. Qa5 Ne4+ 38. Kf3 Rc4 39.
Qa6 Rxf2+ 40. Ke3 Rfc2) 37... Ra2 (37... Rc3+) 38. Qa7 $19 {[%eval -334,18]}
0-1

[Event "Vaujany 2022 Accession"]
[Site "Vaujany"]
[Date "2022.07.19"]
[Round "6.10"]
[White "Spinosi, Aurelien"]
[Black "Estin-Charbonnel, Lucie"]
[Result "1-0"]
[WhiteElo "1705"]
[BlackElo "1533"]
[PlyCount "85"]
[EventDate "2022.07.14"]
[EventType "swiss"]
[EventCountry "FRA"]
[SourceVersionDate "2022.07.17"]

{[%evp 0,85,16,28,20,55,57,37,17,31,67,64,40,66,86,59,59,41,59,41,42,8,4,16,51,
50,42,41,60,53,53,58,69,49,56,56,66,63,74,77,106,92,95,92,73,63,63,64,66,71,66,
44,50,38,38,14,-8,-8,0,0,81,86,107,93,94,83,64,42,68,57,72,54,87,89,164,158,
165,154,163,183,180,206,549,617,673,702,751,760]} 1. e4 d5 2. exd5 Nf6 3. Bb5+
Bd7 4. Bc4 Bg4 5. f3 Bc8 6. Nc3 Nbd7 7. Nge2 Nb6 8. d3 Nbxd5 9. Nxd5 Nxd5 10.
c3 e6 11. O-O Nb6 12. Bb3 Bd6 13. Bf4 Bxf4 14. Nxf4 Bd7 15. Re1 Qg5 16. Nh3 Qg6
17. d4 O-O-O 18. Nf4 Qh6 19. Nd3 g5 20. Ne5 Qg7 21. Qe2 h5 22. Rac1 Nd5 23.
Bxd5 exd5 24. Nxd7 Rxd7 25. Qe5 Qxe5 26. Rxe5 f6 27. Rf5 Rd6 28. Re1 Kd7 29. h4
g4 30. fxg4 hxg4 31. g3 Re8 32. Rxe8 Kxe8 33. Rf4 Rb6 34. Rxg4 Rxb2 35. h5 Kf7
36. h6 Rb1+ 37. Kg2 Rb2+ 38. Kf3 Rxa2 39. Rg7+ Kf8 40. Rxc7 a5 41. Rc8+ Kf7 42.
h7 Rh2 43. h8=Q 1-0

[Event "Vaujany 2022 Accession"]
[Site "Vaujany"]
[Date "2022.07.22"]
[Round "9.1"]
[White "Findeling Creus, Paul"]
[Black "Laposte, Nicolas"]
[Result "0-1"]
[WhiteElo "1639"]
[BlackElo "1709"]
[Annotator "promoechecs"]
[PlyCount "118"]
[EventDate "2022.07.14"]
[EventType "swiss"]
[EventCountry "FRA"]
[SourceVersionDate "2022.07.17"]

{[%evp 0,14,19,31,34,19,13,4,35,33,68,90,30,51,42,75,104]} 1. e4 e5 2. Nf3 Nc6
3. Bb5 Nge7 {Une ouverture atypique déjà utilisée avec succès à la ronde
5 contre Nathan Brion Lacherest} 4. Nc3 (4. O-O g6 5. c3 Bg7 6. d4 exd4 7. cxd4
d5 8. exd5 Nxd5 9. Re1+ Be6) 4... g6 5. d4 exd4 6. Nd5 Nxd5 7. exd5 Qe7+ 8. Kf1
Nb4 9. a3 Na6 10. Bxa6 bxa6 11. Qxd4 f6 12. d6 Qxd6 13. Qe4+ Kf7 14. Qxa8 Qd1+
15. Ne1 Bb4 16. axb4 Re8 17. Be3 Qxa1 18. Qd5+ Kg7 19. h4 a5 20. Qd2 Ba6+ 21.
b5 Bxb5+ 22. Kg1 a4 23. h5 Qxb2 24. hxg6 hxg6 25. Bh6+ Kf7 26. Qd5+ Re6 27. Nd3
Bxd3 28. cxd3 Qa1+ 29. Kh2 Qe5+ 30. Qxe5 Rxe5 31. Be3 Rh5+ 32. Kg1 Rd5 33. Rh4
Ra5 34. Rc4 a3 35. Rc1 a2 36. Ra1 Ke6 37. Kf1 Kd5 38. Ke2 c5 39. Kd2 c4 40.
dxc4+ Kxc4 41. Kc2 d5 42. Bd2 Ra6 43. Bc1 d4 44. Kb2 Kd3 45. g4 Rb6+ 46. Kxa2
Ra6+ 47. Ba3 Ke2 48. Kb3 d3 49. Ra2+ d2 50. Rb2 Rxa3+ 51. Kxa3 Ke1 52. Rb1+
d1=Q 53. Rxd1+ Kxd1 54. Kb4 Ke2 55. Kc5 a5 56. Kd5 Kf3 57. Ke6 Kxg4 58. Kxf6 a4
59. Kxg6 a3 0-1

[Event "Vaujany 2022 Accession"]
[Site "Vaujany"]
[Date "2022.07.22"]
[Round "9.2"]
[White "Oumer, Walid"]
[Black "Celik, Ali Alper"]
[Result "0-1"]
[WhiteElo "1492"]
[BlackElo "1471"]
[Annotator "promoechecs"]
[PlyCount "56"]
[EventDate "2022.07.14"]
[EventType "swiss"]
[EventCountry "FRA"]
[SourceVersionDate "2022.07.17"]

{[%evp 0,16,34,30,23,0,22,23,33,40,34,52,51,23,21,26,37,31,31]} 1. d4 d5 2. c4
c6 3. Nc3 e6 4. Nf3 dxc4 5. a4 Bb4 6. e4 b5 7. Bd2 a5 8. axb5 Bxc3 9. Bxc3 cxb5
10. b3 Bb7 11. bxc4 b4 12. Bd2 Bxe4 13. d5 exd5 14. Bxb4 Nc6 15. Qa4 Qd7 16.
Bc3 Nge7 17. Bxg7 Rg8 18. cxd5 Bxd5 19. Bh6 Rg4 20. Qc2 Nb4 21. Qd2 Rc8 22. Rc1
Rxc1+ 23. Qxc1 Rxg2 $1 24. Qc3 (24. Bxg2 Nd3+) 24... Bxf3 25. Bb5 Bc6 (25...
Qxb5 26. Qxf3 Nd3+ 27. Kf1 Rxf2+ 28. Qxf2 Nxf2+ 29. Kxf2 Qf5+) 26. Kf1 Qd1+ 27.
Qe1 Bxb5+ 28. Kxg2 Qg4# 0-1

[Event "Vaujany 2022 Accession"]
[Site "Vaujany"]
[Date "2022.07.22"]
[Round "9.3"]
[White "Frelau, Matthias"]
[Black "Poizat, Gaspard"]
[Result "0-1"]
[WhiteElo "1786"]
[BlackElo "1546"]
[Annotator "promoechecs"]
[PlyCount "114"]
[EventDate "2022.07.14"]
[EventType "swiss"]
[EventCountry "FRA"]
[SourceVersionDate "2022.07.17"]

1. d4 Nf6 2. Bf4 d5 3. Nf3 e6 4. e3 c5 5. c3 Bd6 6. Bg3 O-O 7. Bd3 b6 8. Nbd2
Ba6 9. Qe2 Bxd3 10. Qxd3 Nc6 11. Ne5 Qc7 12. f4 Ne7 13. Bh4 Nd7 14. g4 c4 15.
Qe2 f6 16. Nxd7 Qxd7 17. Nf3 b5 18. Bg3 b4 19. O-O bxc3 20. bxc3 Rab8 21. e4
Ba3 22. Rab1 Rfe8 23. Qc2 dxe4 24. Nd2 Nd5 25. Nxc4 Bf8 26. Rxb8 Rxb8 27. f5
Rc8 28. fxe6 Qxe6 29. Qb3 Nxc3 30. Qxc3 Qxc4 31. Qxc4+ Rxc4 32. Rd1 e3 33. Kg2
Rc2+ 34. Kf3 e2 35. Re1 Rxa2 36. Rxe2 Rxe2 37. Kxe2 Kf7 38. d5 Ke7 39. Kd3 Kd7
40. h3 a5 41. Kc4 a4 42. Bf2 a3 43. Bd4 a2 44. Kb3 Kd6 45. Kxa2 Kxd5 46. Bc3
Ke4 47. Kb3 Kf3 48. Be1 Kg2 49. h4 Kh3 50. g5 fxg5 51. hxg5 Kg4 52. Bd2 Be7 53.
Bc3 g6 54. Bf6 Bd6 55. Kc3 Bf4 56. Kd3 Bxg5 57. Bd4 Kf3 0-1

[Event "Vaujany 2022 Accession"]
[Site "Vaujany"]
[Date "2022.07.22"]
[Round "9.4"]
[White "Pu, Linden"]
[Black "Bat, Anu"]
[Result "1-0"]
[WhiteElo "1801"]
[BlackElo "1485"]
[PlyCount "127"]
[EventDate "2022.07.14"]
[EventType "swiss"]
[EventCountry "FRA"]
[SourceVersionDate "2022.07.17"]

1. d4 Nf6 2. Nf3 d6 3. Nbd2 Nbd7 4. c3 g6 5. e4 e5 6. Bd3 Bg7 7. O-O O-O 8. Nc4
Re8 9. d5 Nc5 10. Bg5 Bg4 11. h3 Bxf3 12. Qxf3 h6 13. Bxf6 Qxf6 14. Qxf6 Bxf6
15. Bc2 Red8 16. b4 Nd7 17. Na5 Rab8 18. Rab1 Bg5 19. Rfd1 Rf8 20. Ba4 b5 21.
Bc2 Rbc8 22. a4 a6 23. axb5 axb5 24. Bd3 Rb8 25. Nc6 Rb6 26. Ra1 Nb8 27. Na7 c6
28. dxc6 Nxc6 29. Nxb5 Rd8 30. Nc7 Ne7 31. Ra6 Rxa6 32. Bxa6 Rd7 33. Nd5 Rd8
34. b5 Rb8 35. Nb4 Rb6 36. c4 f5 37. exf5 Nxf5 38. Nd5 Rb8 39. b6 Bd8 40. b7
Nd4 41. f4 Ne6 42. Nb4 Bc7 43. Nc6 Re8 44. fxe5 dxe5 45. Bb5 e4 46. Ra1 Bb6+
47. Kh1 Bc7 48. Ra8 Rf8 49. Rxf8+ Kxf8 50. b8=Q+ Bxb8 51. Nxb8 e3 52. Kg1 Nf4
53. c5 e2 54. Kf2 Nxg2 55. Bxe2 Nf4 56. c6 Nd5 57. Bc4 Nb6 58. Nd7+ Nxd7 59.
cxd7 Ke7 60. Bb5 g5 61. Kf3 h5 62. Ke4 g4 63. hxg4 hxg4 64. Kf4 1-0

[Event "Vaujany 2022 Accession"]
[Site "Vaujany"]
[Date "2022.07.22"]
[Round "9.5"]
[White "Gibaud, Elian"]
[Black "Spinosi, Aurelien"]
[Result "1/2-1/2"]
[WhiteElo "1752"]
[BlackElo "1705"]
[Annotator "promoechecs"]
[PlyCount "78"]
[EventDate "2022.07.14"]
[EventType "swiss"]
[EventCountry "FRA"]
[SourceVersionDate "2022.07.17"]

{[%evp 0,70,34,23,23,23,24,28,27,6,47,48,65,17,53,11,73,29,16,0,4,4,-2,-9,-6,
-17,5,8,11,7,9,11,10,7,1,2,-5,-6,-4,-13,0,-15,9,-9,-3,4,-4,5,5,6,17,0,1,0,20,0,
1,0,0,-14,-14,-16,65,-16,160,0,31,-2,83,-286,-54,-47,-44]} 1. d4 d5 2. Bf4 Nf6
3. e3 e6 4. Nd2 c5 5. c3 Nbd7 6. h3 Be7 7. Ngf3 a6 8. Bd3 b5 9. a3 Bb7 10. Qe2
c4 11. Bc2 h6 12. e4 dxe4 13. Nxe4 Bxe4 14. Bxe4 Nxe4 15. Qxe4 O-O 16. O-O Nf6
17. Qe2 Nd5 18. Bg3 Bd6 19. Ne5 Qc7 20. f4 Bxe5 21. fxe5 Qe7 22. Rf3 Qg5 23.
Raf1 Qh5 24. Qe4 Qg6 25. Qe1 Rae8 26. Bh4 Kh8 27. Kh1 Qh5 28. Qf2 Kg8 29. g4
Qg6 30. Rg1 Qe4 31. g5 h5 32. Kh2 Ne7 33. Rf4 Qd5 34. Rf6 $2 g6 $2 (34... Ng6
$142 $19 35. Rf4 (35. Rf3 Nxh4 36. Qxh4 (36. Rf6 Nf5) 36... Qxf3) 35... Nxf4
36. Qxf4 $19) (34... gxf6 35. gxf6+ Ng6 36. Qe2 Rd8 37. Qxh5 Qe4 38. Qh6 Qe2+ (
38... Qf4+ 39. Qxf4) 39. Rg2 {et le mat est imparable}) 35. Rf1 Nf5 36. Bg3 Rd8
37. Qf3 Qxf3 38. Rxf3 a5 39. Be1 Kg7 1/2-1/2

[Event "Vaujany 2022 Accession"]
[Site "Vaujany"]
[Date "2022.07.22"]
[Round "9.6"]
[White "Martin, Alix"]
[Black "Roche, Yves"]
[Result "1-0"]
[WhiteElo "1695"]
[BlackElo "1729"]
[Annotator "promoechecs"]
[PlyCount "83"]
[EventDate "2022.07.14"]
[EventType "swiss"]
[EventCountry "FRA"]
[SourceVersionDate "2022.07.17"]

{[%evp 0,8,19,31,72,53,68,48,59,49,61]} 1. e4 c5 2. Nf3 d6 3. Bb5+ Bd7 4. Bxd7+
Qxd7 5. c4 e6 (5... Nc6 6. Nc3) (5... Nf6 6. Nc3) 6. d4 cxd4 7. Nxd4 Nf6 8. Nc3
Nc6 9. O-O Be7 10. b3 Nxd4 11. Qxd4 O-O 12. Bb2 Rfd8 13. Rfd1 Qc6 14. f3 d5 15.
cxd5 exd5 16. Qe5 Bc5+ 17. Kh1 Qe6 (17... Bd6 18. Qd4 (18. exd5 Bxe5 19. dxc6
$11 {[%eval 8,20]}) 18... dxe4 $11 {[%eval 12,19]} 19. Nxe4 $11 {[%eval 15,21]}
) (17... Re8 18. exd5 Qd7 $14 {[%eval 54,20]}) (17... d4) 18. Nxd5 Qxe5 $14 {
[%eval 61,20]} 19. Bxe5 Nxd5 20. Rxd5 Rxd5 21. exd5 f6 (21... Kf8) 22. Bc7 Kf7
23. d6 Bb6 24. Rc1 Ke6 25. Re1+ Kf7 26. Re7+ Kf8 27. h4 Bc5 28. Re4 b5 29. d7
Be7 30. Rd4 Bd8 31. Bd6+ Kf7 32. Re4 Bb6 33. Re7+ Kg6 (33... Kf8 34. Re8+ Kf7
35. Rxa8) 34. g4 h6 35. f4 h5 36. a4 bxa4 37. f5+ Kh7 38. bxa4 Rd8 39. gxh5 Kg8
40. Kg2 Kh7 41. Kf3 Ra8 42. Ke4 1-0

[Event "Vaujany 2022 Accession"]
[Site "Vaujany"]
[Date "2022.07.22"]
[Round "9.7"]
[White "Azou, Jorre"]
[Black "Brion Lacherest, Nathan"]
[Result "1-0"]
[WhiteElo "1552"]
[BlackElo "1711"]
[PlyCount "72"]
[EventDate "2022.07.14"]
[EventType "swiss"]
[EventCountry "FRA"]
[SourceVersionDate "2022.07.17"]

1. e4 e5 2. Nf3 Nc6 3. Bc4 Bc5 4. c3 Nf6 5. d3 d6 6. O-O h6 7. b4 Bb6 8. a4 a6
9. Nbd2 O-O 10. Re1 Re8 11. Nf1 Be6 12. Bxe6 Rxe6 13. Ng3 d5 14. Qb3 d4 15. c4
a5 16. c5 Ba7 17. b5 Nb4 18. Nh4 Bxc5 19. Nhf5 Kh7 20. f4 Ng8 21. Nf1 g6 22.
N5g3 exf4 23. Bxf4 Bd6 24. Bxd6 Qxd6 25. Nd2 Re7 26. Rf1 Qe6 27. Nc4 Rd7 28.
Rf3 Nf6 29. Raf1 Ng4 30. h3 Ne3 31. Rf6 Qe8 32. Nxe3 dxe3 33. Rxf7+ Rxf7 34.
Rxf7+ Kg8 35. Re7+ Kf8 36. Rxe8+ Rxe8 1-0

[Event "Vaujany 2022 Accession"]
[Site "Vaujany"]
[Date "2022.07.22"]
[Round "9.8"]
[White "Zanin, Clement"]
[Black "Cayrou, Fabien"]
[Result "0-1"]
[WhiteElo "1408"]
[BlackElo "1693"]
[Annotator "promoechecs"]
[PlyCount "68"]
[EventDate "2022.07.14"]
[EventType "swiss"]
[EventCountry "FRA"]
[SourceVersionDate "2022.07.17"]

{[%evp 0,36,51,23,31,14,24,28,28,17,27,27,19,2,3,-6,15,11,1,6,54,40,40,-9,-7,
-34,-9,-24,-17,-24,-33,-84,-75,-179,-276,-269,-294,-301,-313]} 1. e4 e5 2. Nf3
Nc6 3. Bc4 Nf6 4. d3 Be7 5. Nc3 d6 6. h3 Be6 7. O-O Qd7 8. Bg5 h6 9. Bxf6 gxf6
10. Bxe6 fxe6 11. Qd2 O-O-O 12. Qe3 f5 13. d4 fxe4 14. Nxe4 d5 15. Ng3 exd4 16.
Nxd4 $2 (16. Qe2) 16... Bc5 17. Qxe6 (17. Nge2 e5 18. c3 $19 {[%eval -392,17]})
(17. c3 e5 18. Qd3 $19 {[%eval -370,19]}) (17. Rad1 e5 18. c3 $19) 17... Bxd4
18. Qxd7+ $19 {[%eval -315,21]} Rxd7 19. c3 Be5 20. f4 Bd6 21. Nh5 Rf7 22. Rf3
Re8 23. g4 Re2 24. Rb1 Ne5 25. Rf2 Bc5 26. Rbf1 Nd3 27. Kg2 Rxf2+ 28. Rxf2 Bxf2
29. f5 Bh4 30. b3 Bg5 31. c4 dxc4 32. bxc4 Nf4+ 33. Nxf4 Bxf4 34. Kf3 Bd6 0-1

[Event "Vaujany 2022 Accession"]
[Site "Vaujany"]
[Date "2022.07.22"]
[Round "9.9"]
[White "Corfield, Zoe"]
[Black "Kratz, Jonathan"]
[Result "0-1"]
[WhiteElo "1556"]
[BlackElo "1429"]
[Annotator "promoechecs"]
[PlyCount "70"]
[EventDate "2022.07.14"]
[EventType "swiss"]
[EventCountry "FRA"]
[SourceVersionDate "2022.07.17"]

{[%evp 0,17,31,30,65,70,60,59,40,25,36,31,31,31,35,24,14,8,34,-15]} 1. e4 c6 2.
Nc3 d5 3. Nf3 dxe4 4. Nxe4 Nf6 5. Nxf6+ exf6 6. d4 Bd6 7. Be2 O-O 8. O-O Re8 9.
h3 Nd7 10. c4 Nf8 11. Bd3 Ng6 12. Bc2 Be6 13. Qd3 Qd7 14. c5 Bc7 15. Nh4 Rad8
16. Nxg6 hxg6 17. Rd1 Bb8 18. Bb3 Qc7 19. g3 Bxh3 20. Qxg6 Be6 21. Bxe6 Rxe6
22. Qg4 Rd5 23. Bf4 Qd8 24. Bxb8 Qxb8 25. Re1 Qe8 26. Rxe6 Qxe6 27. Qxe6 fxe6
28. Rd1 e5 29. f4 Rxd4 30. Rxd4 exd4 31. f5 Kh7 32. Kf2 Kh6 33. b4 Kg5 34. a4
a6 35. Ke2 Kxf5 0-1

[Event "Vaujany 2022 Accession"]
[Site "Vaujany"]
[Date "2022.07.22"]
[Round "9.10"]
[White "Nicot, Valentin"]
[Black "Deneyer, Frank"]
[Result "0-1"]
[WhiteElo "1631"]
[BlackElo "1828"]
[PlyCount "80"]
[EventDate "2022.07.14"]
[EventType "swiss"]
[EventCountry "FRA"]
[SourceVersionDate "2022.07.17"]

1. e4 c5 2. Nf3 g6 3. c3 Bg7 4. d4 cxd4 5. cxd4 d5 6. e5 Nc6 7. Bb5 Bg4 8. Nbd2
Rc8 9. O-O Nh6 10. h3 Bxf3 11. Nxf3 Qb6 12. Bxc6+ Rxc6 13. Bg5 e6 14. Qd2 Nf5
15. Rac1 h6 16. Bf4 g5 17. Bh2 Kd7 18. Rxc6 bxc6 19. g4 Ne7 20. Ne1 Ng6 21. Ng2
Ke7 22. Kh1 c5 23. dxc5 Qxc5 24. Rc1 Qb6 25. Qc3 Rd8 26. Qa3+ Ke8 27. Qa4+ Kf8
28. Qa3+ Kg8 29. Bg1 d4 30. Bh2 Bxe5 31. Bxe5 Nxe5 32. f4 gxf4 33. Nxf4 Qb7+
34. Kh2 d3 35. Qa5 Qxb2+ 36. Kg3 Qd4 37. Kh4 d2 38. Rd1 Ng6+ 39. Nxg6 fxg6 40.
Qa3 Qf2+ 0-1

[Event "Vaujany 2022 Accession"]
[Site "Vaujany"]
[Date "2022.07.20"]
[Round "7.1"]
[White "Gibaud, Elian"]
[Black "Laposte, Nicolas"]
[Result "1/2-1/2"]
[WhiteElo "1752"]
[BlackElo "1709"]
[Annotator "promoechecs"]
[PlyCount "67"]
[EventDate "2022.07.14"]
[EventType "swiss"]
[EventCountry "FRA"]
[SourceVersionDate "2022.07.17"]

{[%evp 0,62,16,28,26,27,27,25,66,-9,24,8,45,19,20,27,48,36,34,34,31,27,40,-3,
58,53,53,22,19,35,43,29,123,33,24,43,234,101,316,99,95,103,136,166,168,138,418,
290,686,568,620,653,686,698,698,720,665,806,793,343,426,0,0,0,0]} 1. d4 d5 2.
Bf4 Nf6 3. e3 c5 4. c3 Nc6 5. Nd2 Bf5 6. Ngf3 Qb6 7. Nh4 Bg6 8. Nxg6 hxg6 9.
Qb3 c4 10. Qc2 e6 11. e4 Qd8 12. Be2 Be7 13. Bf3 Nh5 14. Be3 Bg5 15. O-O Nf4
16. b3 Qc7 17. g3 O-O-O 18. bxc4 dxc4 19. Nxc4 Nh3+ 20. Kg2 Rh7 21. Bg4 Bxe3
22. fxe3 Rdh8 23. Rxf7 Nf4+ (23... Qxf7 24. Nd6+) 24. Kf3 Ne7 25. exf4 Qxc4 26.
Rxe7 Kd8 27. Bxe6 Qa6 28. Rd7+ Ke8 29. Rb1 Rxh2 30. Rbxb7 Qf1+ 31. Kg4 $11 {
[%eval 0,32]} Qh3+ $11 {[%eval 0,22] nulle conclue} 32. Kf3 Qf1+ (32... Qxe6
33. Qa4 {et le mat est imparable}) 33. Kg4 Qh3+ 34. Kf3 1/2-1/2

[Event "Vaujany 2022 Accession"]
[Site "Vaujany"]
[Date "2022.07.20"]
[Round "7.2"]
[White "Celik, Ali Alper"]
[Black "Frelau, Matthias"]
[Result "1/2-1/2"]
[WhiteElo "1471"]
[BlackElo "1786"]
[Annotator "promoechecs"]
[PlyCount "121"]
[EventDate "2022.07.14"]
[EventType "swiss"]
[EventCountry "FRA"]
[SourceVersionDate "2022.07.17"]

{[%evp 0,12,16,28,27,-16,54,41,47,47,42,19,-1,16,15]} {Une partie
intéressante sur la variante Samisch de l'Est Indienne} 1. d4 Nf6 2. c4 g6 3.
Nc3 Bg7 4. e4 d6 5. f3 O-O 6. Be3 Nbd7 (6... e5 7. d5 (7. Nge2)) (6... Nc6 7.
Nge2 (7. Qd2 a6) 7... a6 8. Qd2 Rb8) (6... c5 7. Nge2 (7. dxc5 dxc5 8. Qxd8
Rxd8 9. Bxc5 Nc6 10. Ba3) 7... Nc6 8. d5 Ne5 9. Ng3 e6 10. Be2 exd5 11. cxd5 a6
12. a4 Bd7 13. h3 b5) (6... b6 7. Bd3 Bb7 8. Nge2 c5 9. d5 e6 10. O-O) 7. Qd2 (
7. Nh3) (7. Nge2) 7... e5 ({plus habituel est ici} 7... c5) 8. Nge2 Ne8 (8...
c6 {est la suite normale} 9. O-O-O a6 10. Kb1 b5 11. Nc1) 9. O-O-O f5 10. g3 (
10. exf5 Rxf5 11. d5) (10. Kb1 f4 (10... a6) 11. Bf2 c6 12. dxe5 dxe5 13. Nc1)
10... fxe4 (10... Qe7 11. exf5 Rxf5 $14 {[%eval 40,16]}) (10... Qf6 11. exf5
Qxf5 $11 {[%eval 25,16]}) (10... c6) 11. fxe4 (11. Nxe4 Nef6 $11 {[%eval 0,17]}
12. N4c3 $11 {[%eval 0,17]}) 11... exd4 (11... Nef6 12. Kb1 $15 {[%eval -33,18]
} Ng4) 12. Nxd4 Ne5 13. Be2 Nf6 14. Bg5 Nf7 15. Be3 Qe7 16. Bd3 Ng4 (16... Bg4
17. Rdf1 Bh3 18. Rd1 Ne5) 17. Kb1 Nxe3 18. Qxe3 c6 (18... Qg5 19. Qxg5 Nxg5 20.
Ndb5 Bg4 21. Nxc7 Bxc3 22. bxc3 (22. Nxa8 Bxd1 (22... Rxa8) 23. Rxd1 Ba5 24.
Bc2 Rxa8 25. Rd5 Bd8 26. Rxd6) 22... Bxd1 23. Rxd1 Rac8 $17) 19. h4 Ne5 20. Be2
Ng4 21. Bxg4 Bxg4 22. Rdf1 Qe5 23. Nc2 (23. Nde2 Rxf1+ 24. Rxf1 Bxe2 25. Qxe2
Qxg3) 23... Qe6 24. c5 dxc5 25. Qxc5 Bxc3 26. Qxc3 Qxe4 27. Re1 Qd5 28. Ne3
Qe4+ 29. Nc2 Qd5 30. Ne3 Bf5+ 31. Ka1 Qe6 32. Nxf5 Qxf5 33. Qb3+ Rf7 34. Rhf1
Qd5 35. Qb4 Raf8 36. Rxf7 Qxf7 37. a3 Rd8 38. Qa4 a6 39. Qb4 Kg7 40. Qc3+ Kg8
41. Qb4 Rd5 42. Qe4 Kg7 43. Qb4 Rd3 44. Qe4 Rd7 45. Qb4 Qf6 46. Qc5 h6 47. Qb4
Kh7 48. Qc5 h5 49. Ka2 Rf7 50. Qb4 c5 51. Qxc5 Rd7 52. Qb4 Rf7 53. Qc5 Qf5 54.
Qb4 Qd5+ 55. Ka1 a5 56. Qc3 Rf3 57. Re7+ Rf7 58. Rxf7+ Qxf7 59. Qxa5 Qf1+ 60.
Ka2 Qc4+ 61. Ka1 1/2-1/2